000 00400nab a22001097u 4500
008 130520b1999 xxu||||| |||| 00| 0 spa d
041 _aspa
100 1 _aCarriedo Tejedo, Manuel
_967731
245 0 0 _aEl obispo Salvato y el episcoplogio salmanticense de la segunda mitad del sigo X
_cManuel Carriedo Tejedo
773 0 _tSalmanticensis
_gV.46, nº2,1999,págs. 243-262
_x0036-3537
_wRev409
942 _cAR
999 _c389757
_d389757